000 nam a22 7a 4500
999 _c40362
_d40362
003 OSt
005 20191214160942.0
008 170826b xxu||||| |||| 00| 0 eng d
040 _cSEROSOFT
100 _aR.K VISNOI , GUPTE
245 _aHEALTH PROMOTION
_cauthor
_henglish
260 _bPEEVEE
_c2014
300 _a184PP
_bPAPERBACK
760 _b1ST ED.
856 _u615.025
_zHEALTH PROMOTION
942 _2ddc
_c01